000
00275nam a2200109Ia 4500
008
220204s9999 xx 000 0 und d
082
_a
973
_b
DEA
100
_a
Dean, John W
245
0
_a
Blind ambition: The white house years
260
_a
London
_b
W H Allen
_c
1977
942
_c
BK
999
_c
28544
_d
28544